000 00567nam a2200205Ia 4500
005 20250923150012.0
008 008 250917s9999 xx 000 0 eng d
037 _aTextual
040 _aDSWL
_beng
_cDSWL
041 _aeng
_2eng
084 _aW:58(Z)x, N98
_qDSWL
100 _aJatava, D.R.
_9841166
245 0 _aSocial Justice in India
_c by D.R. Jatava
260 _aJaipur
_bINA Shree Publishers
_c1998
300 _avii,183 p.
365 _aINR
_b400.00
925 _g400.00
942 _cTEXL
_hW:58(Z)x, N98
999 _c1458365
_d1458365